Deutsch-Rap Quiz - Statistiken

Allgemein
  • Dieses Quiz wurde 825 mal gespielt
  • Das Durchschnittsergebnis liegt bei 11 aus 15
Antwortstatistiken
Bildquiz Antwort % Korrekt
Sido
97%
Farid Bang
95%
Capital Bra
93%
Bushido
92%
187 Strassenbande
89%
Kollegah
85%
RAF Camora
81%
Summer Cem
78%
Eko Fresh
73%
Kontra K
69%
KC Rebell
62%
Marteria
48%
Nimo
36%
Casper
35%
Die Fantastischen Vier
34%
Keine übereinstimmenden Quizze gefunden
Verteilung der Resultate
Anzahl Personen mit jedem Resultat
Perzentil nach korrekt beantworteten Fragen
Ihre Resultats-Entwicklung
Sie haben dieses Quiz noch nicht gespielt